| 000 | 03499nam0a22005291 4500 | ||
|---|---|---|---|
| 001 | RU\NLR\A1\1809 | ||
| 005 | 20260407112120.0 | ||
| 035 | _a(NLR Aleph) 009671945 | ||
| 090 |
_a9665550 _c9665550 |
||
| 100 | _a19970731d1794 m y0rusy50 ca | ||
| 101 | 0 | _arus | |
| 102 | _aRU | ||
| 135 | _acrcn 024anaba | ||
| 140 | _ay y mayaa0000 | ||
| 200 | 1 |
_aПродолжение поучительных слов, _fговоренных при высочайшем дворе ея императорскаго величества благочестивейшия государыни императрицы Екатерины II. и в других местах, синодальным членом преосвященным Иринеем епископом Тверским и Кашинским |
|
| 210 |
_aВ Санктпетербурге _cв типографии Святейшаго Синода _d1794 |
||
| 215 |
_a[2], 1-90, [1], 91-101 с. _d8° |
||
| 316 |
_aЭкз. РНБ (18.81.5.15(2)) в сост. картон. пер., оклеен. бумагой, с коленкоровыми уголками и корешком. На нижней крышке пер. наклейка с шифром РНБ. Внутри пер. сохранена обл. из мрамор. бумаги. Размер: 18,8х13,7х1,3 см. Приплетено к: "Собрание поучительных слов..." СПБ, 1791. _5NLR: 18.81.5.15(2) |
||
| 316 |
_aЭкз. РНБ (138/1488) в бумаж. цветной обл. На 4-й с. обл. экслибрис рус. фонда ГПБ с шифром. На 2-й с. обл. ярлык с шифром РНБ. На тит. л. и с.17 штамп: "I филиал". На тит. л., обороте тит. л., с.17, 33 и 101 круглый штамп ГПБ _5NLR: 138/1488 |
||
| 317 |
_aВ экз. РНБ (138/1488) на 2-й с. обл. владельч. надпись Спб. дух. акад. _5NLR: 138/1488 |
||
| 321 | 1 | _aСК XVIII 2656 | |
| 325 | _aКопия доступна в Электрон. б-ке РНБ | ||
| 620 | _dСанкт-Петербург | ||
| 700 | 0 |
_4070 _7ca _8rus _aИриней _cКлементьевский, Иван Андреевич _f1753-1818 _9232508 _3RU\NLR\AUTH\770232564 |
|
| 712 | 0 | 2 |
_4610 _aПетербургская синодальная типография _3RU\NLR\AUTH\889940130 _9375089 |
| 801 | 0 |
_aRU _bNLR _c19970731 |
|
| 852 |
_aNLR _j18.81.5.15(2) |
||
| 852 |
_aNLR _j138/1488 |
||
| 856 | 0 | _uhttps://vivaldi.nlr.ru/bx000024873/view | |
| 856 | 1 | _uhttps://vivaldi.nlr.ru/bx000024873/cover | |
| 856 | 2 | _uhttps://vivaldi.nlr.ru/bx000024873/text | |
| 899 | _aРГБ | ||
| 899 | _aЗНБ ВГУ | ||
| 899 | _aБАН | ||
| 942 | _cBOOK | ||
| 980 | _aNB | ||
| 980 | 3 | _akpcivil | |
| 980 | 3 | _akp2021 | |
| 980 | 3 | _akp | |
| 980 | _aA1XVIIIv | ||
| 981 | 2 | 2 |
_a(22) Материалы по истории России _b(22) Российский императорский дом |
| 981 | 2 | 2 |
_a(22) Материалы по истории России _b(22) Религиозные конфессии |
| 981 | 2 | 0 |
_a(20) Книжные памятники РНБ _b(20) Русский книжный фонд |